000 00650nam a2200205 4500
001 145277
003 ES-MaACL
005 20250826083546.0
007 t|
008 070214s1972 sp r ||||1| spa d
100 1 _aSoria, Carlos.
_9107346
245 1 3 _aEl director de periódicos /
_cCarlos Soria.
260 _aPamplona :
_bUniversidad de Navarra,
_c1972 (
_fGómez)
300 _a362 p. ;
_c22 cm.
490 1 _aCuaderno de trabajo ;
_v16
710 2 _aUniversidad de Navarra.
_97252
830 0 0 _aCuadernos de trabajo (Universidad de Navarra)
_v16
_9190017
852 _aES-MaACL
_jC-48387
_bR.84866
999 _c145277
_d145277